000 00630nam a22001937a 4500
005 20251108164309.0
008 250721s1987 xx 000 0 ara d
082 1 4 _a796.4/حسن
100 1 _aالحياري، حسن
245 1 0 _aمفهوم اللياقة البدنية و أبعادها المختلفة /
264 1 _aإربد :
_bدار الأمل للنشر و التوزيع،
_c1987.
300 _a207ص : مص
650 1 7 _aالألعاب الرياضية
650 1 7 _aالتربية البدنية
700 1 _aالربضي، هاني
700 1 _aالديري، علي
942 _2ddc
_cBK
999 _c8681
_d8681